| 000 | 01014cam a22002895a 4500 | ||
|---|---|---|---|
| 001 | 18723958 | ||
| 005 | 20201128023925.0 | ||
| 008 | 150731t2016 nyua frb 001 0 eng d | ||
| 020 | _a9780071805377 | ||
| 020 | _a0071805370 | ||
| 040 |
_aDLC _beng _cDLC _dEG-ScBUE |
||
| 082 | 0 | 4 |
_a658.162 _222 _bNES |
| 100 | 1 | _aNesvold, H. Peter. | |
| 245 | 1 | 0 |
_aThe art of M & A valuation and modeling : _ba guide to corporate valuation / _cPeter Nesvold, Elizabeth Bloomer Nesvold and Alexandra Reed Lajoux. |
| 246 | 3 | _aThe art of M and A valuation and modeling | |
| 260 |
_aNew York : _bMcGraw-Hill Education, _cc.2016. |
||
| 263 | _a1510 | ||
| 300 |
_aviii, 294 p. : _bill. ; _c24 cm. |
||
| 500 | _aIndex : p. 287-294. | ||
| 504 | _aBibliography : p. 279-286. | ||
| 650 | 7 |
_aCorporations _xValuation. _2BUEsh _91291 |
|
| 653 |
_bBUSADM _cOctober2016 |
||
| 650 | 7 |
_936487 _aConsolidation and merger of corporations _2BUEsh |
|
| 700 | 1 | _aNesvold, Elizabeth Bloomer. | |
| 700 | 1 | _aLajoux, Alexandra Reed. | |
| 942 | _2ddc | ||
| 999 |
_c22778 _d22750 |
||